000 00358pab a2200145 454500
008 180718b1996 xxu||||| |||| 00| 0 eng d
100 _aShukla, Vijay
245 _aExpectations from SAARC
260 _c1996
300 _ap.7-10
362 _aSep
650 _aSouth Asian Association for Regional Cooperation
773 _aThird Concept
909 _a32265
999 _c32265
_d32265